000 00809nam a2200253Ia 4500
003 OSt
005 20220923222147.0
006 a|||||r|||| 00| 0
007 ta
008 220922b |||||||| |||| 00| 0 ben d
024 _a203,508
037 _cTextual
040 _aARTS
_cARTS
_bben
041 _2ben
_aben
082 _aO157,3N19,AJ, 152L7
100 _aचन्द्र, प्रताप चन्द्
245 0 _aअजगर
246 _aAjagara
260 _aदिल्ली
_b राजपाल एण्ड सन्स
_c1977
300 _a90पृ0
_ccm.
650 _aबंगाली साहित्य
_9156264
942 _hO157,3N19,AJ, 152L7
_cTEXL
_2CC
999 _c354260
_d354260